ARRUPE JESUIT UNIVERSITY

CORONAVIRUS -STOP THE SPREAD - CLEAN,DISINFECT,COVER
Normal view MARC view

Entry Personal Name

Number of records used in: 1

001 - CONTROL NUMBER

  • control field: 17476

003 - CONTROL NUMBER IDENTIFIER

  • control field: ARRUPE

005 - DATE AND TIME OF LATEST TRANSACTION

  • control field: 20150422141259.0

008 - FIXED-LENGTH DATA ELEMENTS

  • fixed length control field: 150422|| aca||aabn | a|a d

040 ## - CATALOGING SOURCE

  • Original cataloging agency: ARRUPE
  • Transcribing agency: ARRUPE

100 ## - HEADING--PERSONAL NAME

  • Personal name: Kisoga, J.B.

670 ## - SOURCE DATA FOUND

  • Source citation: Work cat.: (ARRUPE): Kisoga, J.B., Conversion of the churches to christ as dialogue reference for the ecumenical unity of Christians in Uganda , 2001

 

Arrupe Library. PO Box MP320 Mt Pleasant, Harare, Zimbabwe
263 242 745411|librarian@aju.ac.zw